[Event "Back To School op"]
[Site "Edmonton CAN"]
[Date "2008.09.11"]
[Round "2"]
[White "Rekhson, Vladislav"]
[Black "Gardner, Robert"]
[Result "1/2-1/2"]
[WhiteElo "2195"]
[BlackElo "2205"]
[PlyCount "91"]
[GameId "2160767910319941"]
[EventDate "2008.09.04"]
[EventType "swiss"]
[EventRounds "4"]
[EventCountry "CAN"]
[SourceTitle "EXT 2011"]
[Source "ChessBase"]
[SourceDate "2011.11.26"]
[SourceVersion "1"]
[SourceVersionDate "2011.11.26"]
[SourceQuality "1"]

1. e4 d6 2. d4 Nf6 3. Nc3 g6 4. Be3 Bg7 5. Qd2 c6 6. f3 Qa5 7. g4 h5 8. g5 Nfd7 9. f4 c5 10. Nf3 cxd4 11. Bxd4 Bxd4 12. Nxd4 Nc6 13. Bc4 Qc5 14. Nxc6 bxc6 15. Bb3 Nb6 16. O-O-O a5 17. a4 Bg4 18. Rde1 Nc4 19. Qd3 Be6 20. f5 Ne5 21. Qh3 Bxb3 22. cxb3 O-O 23. fxg6 fxg6 24. Qe6+ Rf7 25. Kb1 Kg7 26. Rhf1 Raf8 27. Rxf7+ Rxf7 28. Ka2 Nd3 29. Rd1 Nb4+ 30. Kb1 Qxg5 31. Na2 Nxa2 32. Kxa2 Qg4 33. Qxg4 hxg4 34. b4 axb4 35. a5 Rf2 36. Kb3 Rxh2 37. Rg1 c5 38. Rxg4 c4+ 39. Kxb4 Rxb2+ 40. Kxc4 Kf6 41. a6 Ke5 42. Rxg6 e6 43. Rh6 Rb1 44. Rg6 Rb2 45. Rh6 Rb1 46. Rg6 1/2-1/2

[Event "Back To School op"]
[Site "Edmonton CAN"]
[Date "2008.09.11"]
[Round "2"]
[White "Seehagen, Terry"]
[Black "Mendryk, Wayne"]
[Result "1-0"]
[WhiteElo "1634"]
[BlackElo "1444"]
[PlyCount "87"]
[GameId "2160767910319942"]
[EventDate "2008.09.04"]
[EventType "swiss"]
[EventRounds "4"]
[EventCountry "CAN"]
[SourceTitle "EXT 2011"]
[Source "ChessBase"]
[SourceDate "2011.11.26"]
[SourceVersion "1"]
[SourceVersionDate "2011.11.26"]
[SourceQuality "1"]

1. e4 c5 2. d4 cxd4 3. c3 dxc3 4. Nxc3 Nc6 5. Nf3 d6 6. Bc4 Nf6 7. O-O Bg4 8. Qb3 e6 9. Qxb7 Qc8 10. Ba6 Ne7 11. Nb5 Qxb7 12. Nxd6+ Kd7 13. Bxb7 Rb8 14. Rd1 Kc7 15. Bf4 Rxb7 16. Rac1+ Nc6 17. Nxf7+ Kb6 18. Be3+ Kb5 19. Nxh8 Nxe4 20. a4+ Kxa4 21. Rxc6 Rxb2 22. Rc4+ Rb4 23. Rxb4+ Bxb4 24. Rd4 Bf5 25. Ng5 Nc3 26. Rh4 a5 27. Nf3 Ka3 28. Nd4 Kb2 29. Nf7 a4 30. Nxf5 exf5 31. Rxb4+ Kc2 32. Rc4 Kb3 33. Ne5 a3 34. Bd4 Ne2+ 35. Kf1 Nxd4 36. Rxd4 a2 37. Rd1 Kc2 38. Ke2 Kb2 39. Nd3+ Kb3 40. Nc1+ Kb2 41. Nxa2 Kxa2 42. Rd3 Kb2 43. Kd2 g5 44. Rd5 1-0

[Event "Back To School op"]
[Site "Edmonton CAN"]
[Date "2008.09.11"]
[Round "2"]
[White "Sequillion, Aaron"]
[Black "Thomas, Derek"]
[Result "1-0"]
[WhiteElo "1811"]
[BlackElo "1462"]
[PlyCount "45"]
[GameId "2160767910319943"]
[EventDate "2008.09.04"]
[EventType "swiss"]
[EventRounds "4"]
[EventCountry "CAN"]
[SourceTitle "EXT 2011"]
[Source "ChessBase"]
[SourceDate "2011.11.26"]
[SourceVersion "1"]
[SourceVersionDate "2011.11.26"]
[SourceQuality "1"]

1. Nf3 d5 2. g3 c5 3. Bg2 Nc6 4. O-O Nf6 5. d3 g6 6. Nbd2 Bg7 7. e4 dxe4 8. dxe4 e5 9. c3 O-O 10. Qe2 Be6 11. Ng5 Bd7 12. a4 a6 13. Nc4 Qc7 14. a5 Rad8 15. f4 Rfe8 16. fxe5 Nxe5 17. Bf4 Bb5 18. b3 Nfd7 19. Nxf7 Rb8 20. Bh3 Re7 21. Bxd7 Qxd7 22. Ncxe5 Bxe5 23. Bxe5 1-0

[Event "Back To School op"]
[Site "Edmonton CAN"]
[Date "2008.09.11"]
[Round "2"]
[White "Sponga, George"]
[Black "Laboucane, Randy"]
[Result "0-1"]
[WhiteElo "1648"]
[BlackElo "1886"]
[PlyCount "62"]
[GameId "2160767910319944"]
[EventDate "2008.09.04"]
[EventType "swiss"]
[EventRounds "4"]
[EventCountry "CAN"]
[SourceTitle "EXT 2011"]
[Source "ChessBase"]
[SourceDate "2011.11.26"]
[SourceVersion "1"]
[SourceVersionDate "2011.11.26"]
[SourceQuality "1"]

1. e4 c5 2. Nc3 d6 3. Bc4 e6 4. Nf3 a6 5. a3 Nf6 6. d3 Nc6 7. Ba2 Be7 8. Ne2 Qc7 9. Bf4 O-O 10. O-O e5 11. Bg3 Bg4 12. c3 Rad8 13. h3 Bxf3 14. gxf3 Qd7 15. Kg2 Nh5 16. f4 exf4 17. Bxf4 Kh8 18. Bg3 f5 19. f4 Rf6 20. Kh2 Rh6 21. Ng1 Nxg3 22. Kxg3 Rf8 23. Bd5 Bh4+ 24. Kh2 Ne7 25. c4 Rff6 26. e5 dxe5 27. fxe5 Rb6 28. Rb1 Rbg6 29. Bf3 Bg3+ 30. Kh1 Bxe5 31. Rf2 Bd4 0-1

[Event "Back To School op"]
[Site "Edmonton CAN"]
[Date "2008.09.11"]
[Round "2"]
[White "Thomas, Bruce"]
[Black "Thompson, Peter"]
[Result "0-1"]
[WhiteElo "1752"]
[BlackElo "1809"]
[PlyCount "52"]
[GameId "2160767910319945"]
[EventDate "2008.09.04"]
[EventType "swiss"]
[EventRounds "4"]
[EventCountry "CAN"]
[SourceTitle "EXT 2011"]
[Source "ChessBase"]
[SourceDate "2011.11.26"]
[SourceVersion "1"]
[SourceVersionDate "2011.11.26"]
[SourceQuality "1"]

1. c4 e5 2. Nc3 f5 3. e3 Nf6 4. Be2 Nc6 5. d4 Bb4 6. d5 Ne7 7. Bd2 Bxc3 8. Bxc3 d6 9. Nh3 O-O 10. f4 Ne4 11. O-O Ng6 12. Be1 a5 13. Bh5 Qf6 14. Qe2 a4 15. a3 b6 16. Rd1 Bd7 17. Bxg6 Qxg6 18. Rf3 Qh5 19. Qf1 Rf6 20. Bg3 Re8 21. Qe1 h6 22. Rc1 g5 23. fxg5 hxg5 24. Rf1 Rh6 25. Qd1 g4 26. Nf2 Nxg3 0-1

[Event "Back To School op"]
[Site "Edmonton CAN"]
[Date "2008.09.18"]
[Round "3"]
[White "Haynes, Nicolas"]
[Black "Razzaq, Ali"]
[Result "1-0"]
[WhiteElo "2232"]
[BlackElo "1823"]
[PlyCount "45"]
[GameId "2160767910319948"]
[EventDate "2008.09.04"]
[EventType "swiss"]
[EventRounds "4"]
[EventCountry "CAN"]
[SourceTitle "EXT 2011"]
[Source "ChessBase"]
[SourceDate "2011.11.26"]
[SourceVersion "1"]
[SourceVersionDate "2011.11.26"]
[SourceQuality "1"]

1. e4 c6 2. d3 d5 3. Nd2 Nd7 4. Ngf3 dxe4 5. dxe4 e6 6. g3 g6 7. Bg2 Bg7 8. Nc4 Ngf6 9. Nd6+ Kf8 10. O-O e5 11. Ng5 Qe7 12. Ngxf7 Nb6 13. Nxh8 Bxh8 14. Nxc8 Rxc8 15. Qe2 Na8 16. Bg5 Nc7 17. Bh3 Ne6 18. Bxe6 Qxe6 19. Bxf6 Bxf6 20. Rfd1 Kg7 21. Qd3 Rd8 22. Qb3 Qxb3 23. axb3 1-0

[Event "Back To School op"]
[Site "Edmonton CAN"]
[Date "2008.09.18"]
[Round "3"]
[White "Hughey, Micah"]
[Black "Rekhson, Vladislav"]
[Result "1-0"]
[WhiteElo "2186"]
[BlackElo "2176"]
[PlyCount "109"]
[GameId "2160767910319949"]
[EventDate "2008.09.04"]
[EventType "swiss"]
[EventRounds "4"]
[EventCountry "CAN"]
[SourceTitle "EXT 2011"]
[Source "ChessBase"]
[SourceDate "2011.11.26"]
[SourceVersion "1"]
[SourceVersionDate "2011.11.26"]
[SourceQuality "1"]

1. e4 c5 2. c3 g6 3. d4 cxd4 4. Nf3 d5 5. exd5 Nf6 6. c4 Bg4 7. Qa4+ Nbd7 8. Nxd4 Qb6 9. Nb3 Qd6 10. Nc3 Bg7 11. h3 Bf5 12. Be2 Bc2 13. Be3 O-O 14. Rc1 Bxb3 15. Qxb3 Nc5 16. Qc2 b6 17. O-O Nfd7 18. b4 Nb7 19. Nb5 Qe5 20. Bd4 Qf4 21. Bxg7 Kxg7 22. Qc3+ Kg8 23. Qd4 Qxd4 24. Nxd4 a5 25. a3 axb4 26. axb4 Ra2 27. Rc2 Rfa8 28. Rfc1 Kf8 29. g3 R8a4 30. Nc6 Nf6 31. Bf3 h6 32. Kg2 Nd7 33. Rxa2 Rxa2 34. Re1 Nd6 35. Rxe7 Nb8 36. Rc7 Na6 37. Rd7 Nxc4 38. Rd8+ Kg7 39. d6 Rd2 40. Ra8 Nxb4 41. Nxb4 Rxd6 42. Rb8 f5 43. Rb7+ Kf6 44. Be2 Nd2 45. Rxb6 Rxb6 46. Nd5+ Ke5 47. Nxb6 Nb3 48. f4+ Kf6 49. Nd5+ Kg7 50. Kf3 Kf7 51. Ke3 g5 52. Bc4 Nc5 53. Kd4 Ne6+ 54. Ke5 gxf4 55. Nxf4 1-0

[Event "Back To School op"]
[Site "Edmonton CAN"]
[Date "2008.09.18"]
[Round "3"]
[White "MacLeod, Damon"]
[Black "Sauve, Steve"]
[Result "0-1"]
[WhiteElo "1621"]
[BlackElo "1680"]
[PlyCount "68"]
[GameId "2160767910319951"]
[EventDate "2008.09.04"]
[EventType "swiss"]
[EventRounds "4"]
[EventCountry "CAN"]
[SourceTitle "EXT 2011"]
[Source "ChessBase"]
[SourceDate "2011.11.26"]
[SourceVersion "1"]
[SourceVersionDate "2011.11.26"]
[SourceQuality "1"]

1. e4 e5 2. Nf3 Nc6 3. Bb5 d6 4. O-O Nf6 5. d3 Be7 6. h3 Bd7 7. Be3 a6 8. Bc4 O-O 9. a3 h6 10. Nbd2 Nh7 11. Nh2 Kh8 12. f4 f5 13. exf5 Rxf5 14. fxe5 Nxe5 15. Rxf5 Bxf5 16. Qh5 Bg6 17. Qe2 Qd7 18. Bb3 Rf8 19. Rf1 Qe8 20. Nhf3 Bh5 21. g4 Nxf3+ 22. Rxf3 Rxf3 23. Qxf3 Bg6 24. Qxb7 Bh4 25. Qf3 Ng5 26. Bxg5 Bxg5 27. Nc4 Bf6 28. Kf1 Bf7 29. c3 Qb5 30. Qd1 Bg6 31. Ba4 Qd5 32. Ne3 Qh1+ 33. Ke2 Qh2+ 34. Ke1 Bh4+ 0-1

[Event "Back To School op"]
[Site "Edmonton CAN"]
[Date "2008.09.18"]
[Round "3"]
[White "Pechenkin, Vladimir"]
[Black "Grumic, Sasha"]
[Result "0-1"]
[WhiteElo "2307"]
[BlackElo "2118"]
[PlyCount "54"]
[GameId "2160767910319953"]
[EventDate "2008.09.04"]
[EventType "swiss"]
[EventRounds "4"]
[EventCountry "CAN"]
[SourceTitle "EXT 2011"]
[Source "ChessBase"]
[SourceDate "2011.11.26"]
[SourceVersion "1"]
[SourceVersionDate "2011.11.26"]
[SourceQuality "1"]

1. f4 e5 2. fxe5 d6 3. exd6 Bxd6 4. Nf3 Nf6 5. d4 Bg4 6. e3 Nc6 7. Bb5 O-O 8. O-O Ne7 9. Bd3 c5 10. c3 c4 11. Bc2 Qc7 12. h3 Bf5 13. Ng5 Bxc2 14. Qxc2 h6 15. Nf3 Qc6 16. b3 b5 17. bxc4 bxc4 18. Nfd2 Nfd5 19. Ne4 Bc7 20. Na3 f5 21. Nc5 Qd6 22. Nxc4 Qh2+ 23. Kf2 Bg3+ 24. Kf3 Ng6 25. Ba3 Rae8 26. Qb3 Kh7 27. Rad1 Ndf4 0-1

[Event "Back To School op"]
[Site "Edmonton CAN"]
[Date "2008.09.18"]
[Round "3"]
[White "Pedersen, Rick"]
[Black "Gardner, Robert"]
[Result "0-1"]
[WhiteElo "1930"]
[BlackElo "2205"]
[PlyCount "106"]
[GameId "2160767910319954"]
[EventDate "2008.09.04"]
[EventType "swiss"]
[EventRounds "4"]
[EventCountry "CAN"]
[SourceTitle "EXT 2011"]
[Source "ChessBase"]
[SourceDate "2011.11.26"]
[SourceVersion "1"]
[SourceVersionDate "2011.11.26"]
[SourceQuality "1"]

1. e4 d6 2. d4 Nf6 3. Nc3 g6 4. h3 Bg7 5. Nf3 a6 6. Be3 b5 7. e5 dxe5 8. dxe5 Nfd7 9. e6 fxe6 10. Ng5 Ne5 11. Qxd8+ Kxd8 12. f4 h6 13. O-O-O+ Ke8 14. fxe5 hxg5 15. Bd3 Bxe5 16. Bxg6+ Kf8 17. Bxg5 Bf6 18. Be3 Bb7 19. Be4 Nc6 20. Rhf1 Rd8 21. Rxd8+ Nxd8 22. Bxb7 Nxb7 23. Ne4 Kg7 24. Ng5 Nd8 25. Rd1 Kg6 26. Ne4 Nb7 27. Rd7 Rc8 28. Bf4 e5 29. Bd2 Kf5 30. Ng3+ Ke6 31. Rd3 Rg8 32. Re3 Nd6 33. Ne2 Bg5 34. Ra3 Bxd2+ 35. Kd1 Bb4 36. Rg3 Rxg3 37. Nxg3 Nf5 38. Nf1 e4 39. c3 Bc5 40. Ke2 Ke5 41. g4 Nh4 42. Ng3 Ng2 43. Kf1 Nh4 44. Ke2 e6 45. Nh5 Be7 46. Ng7 Ng6 47. Ne8 c6 48. b3 Nf4+ 49. Kf1 Nxh3 50. Nc7 a5 51. Na6 e3 52. Nb8 Kd6 53. Na6 Nf4 0-1

[Event "Back To School op"]
[Site "Edmonton CAN"]
[Date "2008.09.18"]
[Round "3"]
[White "Sequillion, Aaron"]
[Black "McKay, Arnold"]
[Result "0-1"]
[WhiteElo "1811"]
[BlackElo "1841"]
[PlyCount "44"]
[GameId "2160767910319955"]
[EventDate "2008.09.04"]
[EventType "swiss"]
[EventRounds "4"]
[EventCountry "CAN"]
[SourceTitle "EXT 2011"]
[Source "ChessBase"]
[SourceDate "2011.11.26"]
[SourceVersion "1"]
[SourceVersionDate "2011.11.26"]
[SourceQuality "1"]

1. e4 c5 2. Nf3 Nc6 3. d4 cxd4 4. Nxd4 e5 5. Nb5 Nf6 6. Bg5 d6 7. N1c3 a6 8. Na3 Be7 9. Qd2 b5 10. Bxf6 Bxf6 11. Nd5 Bg5 12. Qd3 O-O 13. Be2 f5 14. Ne3 Nd4 15. Nxf5 Nxf5 16. Qd5+ Kh8 17. Qxa8 Nd4 18. Bd3 Qf6 19. O-O Bh3 20. Qxa6 Nf3+ 21. Kh1 Bxg2+ 22. Kxg2 Nh4+ 0-1

[Event "Back To School op"]
[Site "Edmonton CAN"]
[Date "2008.09.18"]
[Round "3"]
[White "Stark, Mark"]
[Black "Camphaug, Lincoln"]
[Result "1-0"]
[WhiteElo "1968"]
[BlackElo "1610"]
[PlyCount "37"]
[GameId "2160767910319956"]
[EventDate "2008.09.04"]
[EventType "swiss"]
[EventRounds "4"]
[EventCountry "CAN"]
[SourceTitle "EXT 2011"]
[Source "ChessBase"]
[SourceDate "2011.11.26"]
[SourceVersion "1"]
[SourceVersionDate "2011.11.26"]
[SourceQuality "1"]

1. c4 Nf6 2. Nc3 c5 3. Nf3 Nc6 4. g3 d6 5. Bg2 Bg4 6. O-O Qd7 7. Re1 Bh3 8. Bh1 h5 9. e4 e5 10. Nh4 g5 11. Ng2 h4 12. d3 hxg3 13. hxg3 Nd4 14. Ne3 Ng4 15. Ncd5 Nh2 16. Nf6+ Kd8 17. Nxd7 g4 18. Kxh2 Bf1+ 19. Kg1 1-0

[Event "Back To School op"]
[Site "Edmonton CAN"]
[Date "2008.09.18"]
[Round "3"]
[White "Thompson, Peter"]
[Black "Wu, Allan"]
[Result "1-0"]
[WhiteElo "1809"]
[BlackElo "1861"]
[PlyCount "59"]
[GameId "2160767910319957"]
[EventDate "2008.09.04"]
[EventType "swiss"]
[EventRounds "4"]
[EventCountry "CAN"]
[SourceTitle "EXT 2011"]
[Source "ChessBase"]
[SourceDate "2011.11.26"]
[SourceVersion "1"]
[SourceVersionDate "2011.11.26"]
[SourceQuality "1"]

1. d4 Nf6 2. c4 e6 3. Nc3 Bb4 4. Qc2 c5 5. dxc5 Nc6 6. Nf3 Bxc5 7. Bg5 Nd4 8. Nxd4 Bxd4 9. e3 Qa5 10. exd4 Qxg5 11. Ne4 Nxe4 12. Qxe4 Qa5+ 13. Kd1 d6 14. Bd3 Qb4 15. b3 Qc3 16. Rb1 f5 17. Qe3 e5 18. dxe5 dxe5 19. Qd2 Qd4 20. Bc2 Qc5 21. b4 Qxc4 22. Ba4+ b5 23. Bb3 Qc7 24. Qd5 Bb7 25. Qxb5+ Bc6 26. Qc5 O-O-O+ 27. Ke2 Kb8 28. Rbc1 Rd6 29. b5 Qa5 30. Qxd6+ 1-0

[Event "Back To School op"]
[Site "Edmonton CAN"]
[Date "2008.09.18"]
[Round "3"]
[White "Wihnon, Jason"]
[Black "Seehagen, Terry"]
[Result "1/2-1/2"]
[WhiteElo "1737"]
[BlackElo "1634"]
[PlyCount "86"]
[GameId "2160767910319958"]
[EventDate "2008.09.04"]
[EventType "swiss"]
[EventRounds "4"]
[EventCountry "CAN"]
[SourceTitle "EXT 2011"]
[Source "ChessBase"]
[SourceDate "2011.11.26"]
[SourceVersion "1"]
[SourceVersionDate "2011.11.26"]
[SourceQuality "1"]

1. e4 d5 2. exd5 Nf6 3. Nf3 c6 4. Be2 cxd5 5. d4 Nc6 6. O-O Bf5 7. Nc3 Rc8 8. Bd3 Bg6 9. Re1 e6 10. Bxg6 hxg6 11. Ne2 Ne4 12. Ng3 Nxg3 13. fxg3 Be7 14. c3 Nb8 15. Qa4+ Nc6 16. Ne5 O-O 17. Nxc6 bxc6 18. Qxa7 c5 19. Be3 Ra8 20. Qb7 Rb8 21. Qc6 cxd4 22. Bxd4 Rxb2 23. a4 Bf6 24. Bxf6 Qxf6 25. Rf1 Qg5 26. Qc5 Rc2 27. Rf2 Rc1+ 28. Rf1 Rxf1+ 29. Rxf1 Qd2 30. a5 Qa2 31. Qb6 Qc4 32. a6 Qxc3 33. a7 Qa3 34. Rb1 Kh7 35. Qd4 Rc8 36. Qh4+ Kg8 37. Rb8 Qc1+ 38. Kf2 Qc2+ 39. Ke3 Qc3+ 40. Kf2 Qc2+ 41. Kf3 Qd3+ 42. Kf4 Qd4+ 43. Kf3 Qd3+ 1/2-1/2

[Event "Back To School op"]
[Site "Edmonton CAN"]
[Date "2008.09.25"]
[Round "4"]
[White "Borger, Rocky"]
[Black "Sponga, George"]
[Result "1-0"]
[WhiteElo "1316"]
[BlackElo "1648"]
[PlyCount "81"]
[GameId "2160767910328151"]
[EventDate "2008.09.04"]
[EventType "swiss"]
[EventRounds "4"]
[EventCountry "CAN"]
[SourceTitle "EXT 2011"]
[Source "ChessBase"]
[SourceDate "2011.11.26"]
[SourceVersion "1"]
[SourceVersionDate "2011.11.26"]
[SourceQuality "1"]

1. e4 c5 2. Bc4 e6 3. Nc3 a6 4. a3 Nc6 5. Nf3 b5 6. Ba2 Bd6 7. Ne2 Bb7 8. O-O Nge7 9. Re1 h6 10. Bb1 Qb6 11. c3 Bc7 12. d4 c4 13. Be3 d5 14. Ne5 f6 15. exd5 exd5 16. Bg6+ Nxg6 17. Nxg6 Rg8 18. Bf4 O-O-O 19. b4 f5 20. Qc2 Kb8 21. Bxc7+ Qxc7 22. Qxf5 Bc8 23. Qc2 Rd6 24. a4 Qf7 25. Ne5 Nxe5 26. dxe5 Rg6 27. Ng3 Bb7 28. f3 Bc6 29. Kh1 Re8 30. Nf5 Ree6 31. Nd6 Qd7 32. axb5 axb5 33. Qa2 Kc7 34. Qa7+ Kd8 35. Qb8+ Ke7 36. Ra7 d4 37. Rxd7+ Kxd7 38. Qc8+ Ke7 39. Qxc6 d3 40. Qc7+ Kf8 41. Qf7# 1-0

[Event "Back To School op"]
[Site "Edmonton CAN"]
[Date "2008.09.25"]
[Round "4"]
[White "Camphaug, Lincoln"]
[Black "Sequillion, Aaron"]
[Result "0-1"]
[WhiteElo "1610"]
[BlackElo "1811"]
[PlyCount "40"]
[GameId "2160767910328152"]
[EventDate "2008.09.04"]
[EventType "swiss"]
[EventRounds "4"]
[EventCountry "CAN"]
[SourceTitle "EXT 2011"]
[Source "ChessBase"]
[SourceDate "2011.11.26"]
[SourceVersion "1"]
[SourceVersionDate "2011.11.26"]
[SourceQuality "1"]

1. e4 d5 2. exd5 Qxd5 3. Nc3 Qa5 4. d4 Nf6 5. Qf3 c6 6. h3 Bf5 7. Bd3 Bxd3 8. Qxd3 Na6 9. Nf3 e6 10. O-O Be7 11. Ne2 O-O 12. c3 Rfd8 13. Qc2 b5 14. h4 Qb6 15. a4 Nc7 16. a5 Qb7 17. Bg5 h6 18. Bxf6 Bxf6 19. Qe4 Ne8 20. Ng3 Rd5 0-1

[Event "Back To School op"]
[Site "Edmonton CAN"]
[Date "2008.09.25"]
[Round "4"]
[White "Gardner, Robert"]
[Black "Grumic, Sasha"]
[Result "1-0"]
[WhiteElo "2205"]
[BlackElo "2118"]
[PlyCount "115"]
[GameId "2160767910328153"]
[EventDate "2008.09.04"]
[EventType "swiss"]
[EventRounds "4"]
[EventCountry "CAN"]
[SourceTitle "EXT 2011"]
[Source "ChessBase"]
[SourceDate "2011.11.26"]
[SourceVersion "1"]
[SourceVersionDate "2011.11.26"]
[SourceQuality "1"]

1. d4 Nf6 2. c4 g6 3. Nc3 Bg7 4. e4 d6 5. Nf3 O-O 6. h3 e5 7. d5 Nh5 8. Nh2 Nf4 9. g3 Nh5 10. Be2 Nf6 11. Bg5 h6 12. Be3 c6 13. Ng4 Kh7 14. Qd2 Ng8 15. O-O-O b5 16. dxc6 b4 17. Nb5 Nxc6 18. Qxd6 Nd4 19. Qxd8 Rxd8 20. Nxd4 exd4 21. Bf4 Be6 22. b3 Rac8 23. Kb1 f5 24. exf5 Bxf5+ 25. Bd3 Re8 26. Bxf5 gxf5 27. Nh2 Re2 28. Rhf1 Nf6 29. Rd2 Rce8 30. Be3 Rxd2 31. Bxd2 Re2 32. Kc2 Ne4 33. Nf3 Nc5 34. Ng1 d3+ 35. Kd1 Re8 36. Bxb4 Ne4 37. f3 Nc3+ 38. Kd2 Nxa2 39. Ba5 Rb8 40. Rb1 Bd4 41. Kxd3 Bxg1 42. Rxg1 Rxb3+ 43. Kd4 Ra3 44. Bd2 Rxf3 45. c5 Rf2 46. Ba5 Rc2 47. Kd5 Nc1 48. c6 Nb3 49. Bb4 a5 50. Rb1 a4 51. Re1 Kg6 52. Re6+ Kg7 53. Re7+ Kf6 54. Ra7 Nc1 55. Rxa4 Nd3 56. Bd6 h5 57. c7 Rd2 58. Rd4 1-0

[Event "Back To School op"]
[Site "Edmonton CAN"]
[Date "2008.09.25"]
[Round "4"]
[White "Hughey, Micah"]
[Black "Bolayol, Santino"]
[Result "1-0"]
[WhiteElo "2186"]
[BlackElo "1832"]
[PlyCount "103"]
[GameId "2160767910328154"]
[EventDate "2008.09.04"]
[EventType "swiss"]
[EventRounds "4"]
[EventCountry "CAN"]
[SourceTitle "EXT 2011"]
[Source "ChessBase"]
[SourceDate "2011.11.26"]
[SourceVersion "1"]
[SourceVersionDate "2011.11.26"]
[SourceQuality "1"]

1. e4 c5 2. c3 Nc6 3. d4 cxd4 4. cxd4 Qb6 5. Nf3 e6 6. Nc3 a6 7. d5 Nb8 8. Bd3 g6 9. O-O Bg7 10. Na4 Qd8 11. Be3 b5 12. Nb6 Bb7 13. Nxa8 Bxa8 14. Qe2 Nf6 15. a4 b4 16. Bc5 d6 17. Bxb4 O-O 18. dxe6 fxe6 19. Ng5 Re8 20. Rfd1 d5 21. e5 Nfd7 22. Nf3 Nc6 23. Bd6 a5 24. Bb5 Nb6 25. Rac1 Qc8 26. Bxc6 Bxc6 27. Nd4 Nc4 28. b3 Nxd6 29. Rxc6 Qxc6 30. Nxc6 Ne4 31. Rc1 h6 32. f3 Ng5 33. Nxa5 Rf8 34. Rc7 Rf5 35. Nc6 Bf8 36. Ne7+ Bxe7 37. Rxe7 Nf7 38. Rxe6 Kg7 39. Re7 Kf8 40. Rxf7+ Rxf7 41. a5 Rc7 42. b4 Ke7 43. b5 Rc1+ 44. Kf2 d4 45. Qd3 Ra1 46. Qxd4 Ra2+ 47. Kg3 Rxa5 48. Qb4+ Ke6 49. Qxa5 Kxe5 50. b6+ Kf6 51. b7 g5 52. b8=Q 1-0

[Event "Back To School op"]
[Site "Edmonton CAN"]
[Date "2008.09.25"]
[Round "4"]
[White "MacLeod, Damon"]
[Black "Thomas, Bruce"]
[Result "0-1"]
[WhiteElo "1621"]
[BlackElo "1752"]
[PlyCount "50"]
[GameId "2160767910328155"]
[EventDate "2008.09.04"]
[EventType "swiss"]
[EventRounds "4"]
[EventCountry "CAN"]
[SourceTitle "EXT 2011"]
[Source "ChessBase"]
[SourceDate "2011.11.26"]
[SourceVersion "1"]
[SourceVersionDate "2011.11.26"]
[SourceQuality "1"]

1. e4 e6 2. d4 d5 3. Nd2 c5 4. c3 Nc6 5. Ngf3 cxd4 6. cxd4 Bb4 7. e5 Nh6 8. a3 Ba5 9. Bd3 Nf5 10. Bxf5 exf5 11. b4 Bb6 12. Nb3 O-O 13. O-O h6 14. b5 Na5 15. Nxa5 Bxa5 16. Bd2 Bd7 17. Qb3 Bxd2 18. Nxd2 Be6 19. Qb4 f4 20. Nb3 b6 21. a4 Qg5 22. Qc3 Rac8 23. Qd3 Bf5 24. Qf3 Be4 25. Qh3 Rc3 0-1

[Event "Back To School op"]
[Site "Edmonton CAN"]
[Date "2008.09.25"]
[Round "4"]
[White "McKay, Arnold"]
[Black "Rekhson, Vladislav"]
[Result "1/2-1/2"]
[WhiteElo "1841"]
[BlackElo "2176"]
[PlyCount "122"]
[GameId "2160767910328156"]
[EventDate "2008.09.04"]
[EventType "swiss"]
[EventRounds "4"]
[EventCountry "CAN"]
[SourceTitle "EXT 2011"]
[Source "ChessBase"]
[SourceDate "2011.11.26"]
[SourceVersion "1"]
[SourceVersionDate "2011.11.26"]
[SourceQuality "1"]

1. e4 c5 2. Nf3 a6 3. d4 cxd4 4. Nxd4 Nf6 5. Nc3 e5 6. Nb3 Bb4 7. Qd3 O-O 8. Bg5 h6 9. h4 d6 10. Bd2 b5 11. f3 Be6 12. a3 Bc4 13. Qe3 Bxc3 14. Qxc3 d5 15. Bxc4 bxc4 16. Na5 dxe4 17. O-O-O Qc7 18. fxe4 Nxe4 19. Qf3 Nxd2 20. Qxa8 Qxa5 21. Rxd2 c3 22. Rd3 cxb2+ 23. Kxb2 Qb6+ 24. Rb3 Qd4+ 25. Kb1 Nd7 26. Qf3 e4 27. Rd1 Qe5 28. Qg3 Qf5 29. Qh3 Qxh3 30. Rxh3 Ne5 31. Rd5 Ng4 32. Rg3 f5 33. Rxf5 Rxf5 34. Rxg4 Re5 35. Kc1 Kf7 36. Kd2 Kf6 37. Ke3 Ra5 38. Rxe4 Rxa3+ 39. Kd4 Rg3 40. Re2 Rg4+ 41. Kd5 Rxh4 42. Re6+ Kf7 43. Rxa6 Rg4 44. c4 Rxg2 45. Ra7+ Kf6 46. Ra6+ Kf5 47. c5 Rd2+ 48. Kc6 h5 49. Kb7 h4 50. c6 g5 51. c7 Rd7 52. Kc6 Rxc7+ 53. Kxc7 h3 54. Rh6 g4 55. Kd6 Kf4 56. Ke6 g3 57. Rxh3 g2 58. Rh4+ Kf3 59. Rh3+ Kf2 60. Rh2 Kf1 61. Rxg2 Kxg2 1/2-1/2

[Event "Back To School op"]
[Site "Edmonton CAN"]
[Date "2008.09.25"]
[Round "4"]
[White "Mendryk, Wayne"]
[Black "Nolan, Pat"]
[Result "0-1"]
[WhiteElo "1444"]
[BlackElo "1527"]
[PlyCount "86"]
[GameId "2160767910328157"]
[EventDate "2008.09.04"]
[EventType "swiss"]
[EventRounds "4"]
[EventCountry "CAN"]
[SourceTitle "EXT 2011"]
[Source "ChessBase"]
[SourceDate "2011.11.26"]
[SourceVersion "1"]
[SourceVersionDate "2011.11.26"]
[SourceQuality "1"]

1. e4 c5 2. Nf3 d6 3. d4 cxd4 4. Nxd4 Nf6 5. Nc3 a6 6. Bg5 Qb6 7. Qd2 Nc6 8. Nb3 g6 9. Bc4 Ne5 10. Bd5 Bg7 11. O-O-O e6 12. Na4 Qc7 13. f4 Nc6 14. Bxc6+ Qxc6 15. Bxf6 Bxf6 16. e5 dxe5 17. fxe5 Be7 18. Nc3 O-O 19. Qe2 Qc7 20. Rd4 Bd7 21. Rhd1 Rad8 22. R1d3 Bc6 23. Rh3 b6 24. Qe3 h5 25. Rg4 Kg7 26. Rxh5 Rh8 27. Rxh8 Rxh8 28. h3 Rh5 29. Qf2 Qxe5 30. Ne2 Rf5 31. Qd4 Qxd4 32. Nbxd4 Bg5+ 33. Rxg5 Rxg5 34. Nxc6 Rxg2 35. Kd2 f5 36. Ncd4 Kf6 37. Kd3 e5 38. Nc6 Rh2 39. Ng1 g5 40. Nb8 e4+ 41. Kd4 Rd2+ 42. Kc3 e3 43. Nd7+ Rxd7 0-1